ბათუმის შოთა რუსთაველის სახელმწიფო უნივერსიტეტის ბიბლიოთეკა

მიწათმოქმედების საფუძვლები და საკვებწარმოება. (ბიბ.ჩანაწერი № 44646)

000 -LEADER
fixed length control field 01043nam a2200229Ia 4500
001 - CONTROL NUMBER
control field 11449
003 - CONTROL NUMBER IDENTIFIER
control field GE_BSU
008 - FIXED-LENGTH DATA ELEMENTS--GENERAL INFORMATION
fixed length control field 181216s||||||||xx |||||||||||||| ||und||
040 ## - CATALOGING SOURCE
Transcribing agency GE_BSU
080 ## - UNIVERSAL DECIMAL CLASSIFICATION NUMBER
Universal Decimal Classification number 631.5/9(075.32)+633.2/4(075.32)
100 ## - MAIN ENTRY--PERSONAL NAME
Personal name შ,მახათაძე; ა,მაჭარაშვილი; რ,კირვალიძე; გ,ქეშელაშვილი.
245 ## - TITLE STATEMENT
Title მიწათმოქმედების საფუძვლები და საკვებწარმოება.
245 ## - TITLE STATEMENT
Remainder of title სახელმძღვანელო სას-სამ.ტექნიკუმებისათვის.
245 ## - TITLE STATEMENT
Statement of responsibility, etc. რედ:გ.შალამბერიძე.
260 ## - PUBLICATION, DISTRIBUTION, ETC.
Place of publication, distribution, etc. თბილისი.
260 ## - PUBLICATION, DISTRIBUTION, ETC.
Name of publisher, distributor, etc. განათლება.
260 ## - PUBLICATION, DISTRIBUTION, ETC.
Date of publication, distribution, etc. 1966.
300 ## - PHYSICAL DESCRIPTION
Extent 377გვ;22სმ.
300 ## - PHYSICAL DESCRIPTION
Accompanying material ილ.
653 ## - INDEX TERM--UNCONTROLLED
Uncontrolled term მიწათმოქმედების საფუძვლები და საკვებწარმოება.
942 ## - ADDED ENTRY ELEMENTS (KOHA)
Koha item type წიგნი
ეგზემპლარები
Withdrawn status Lost status Damaged status Not for loan Date acquired Barcode Date last seen Price effective from Koha item type
        2018-12-17 20223 2018-12-17 2018-12-17 წიგნი
        2018-12-17 20224 2018-12-17 2018-12-17 წიგნი
        2018-12-17 20225 2018-12-17 2018-12-17 წიგნი